Những dự án đầu tư ở Việt Nam đến năm 2000

Đã lưu trong:
书目详细资料
主要作者: ủy ban kế hoạch Nhà nước
格式: 图书
语言:Undetermined
出版: Hà Nội Chính trị quốc gia 1995
主题:
标签: 添加标签
没有标签, 成为第一个标记此记录!
Thư viện lưu trữ: Trung tâm Học liệu Trường Đại học Cần Thơ
LEADER 00669nam a2200181Ia 4500
001 CTU_5968
008 210402s9999 xx 000 0 und d
082 |a 339.43 
082 |b U523 
100 |a ủy ban kế hoạch Nhà nước 
245 0 |a Những dự án đầu tư ở Việt Nam đến năm 2000 
245 0 |c ủy ban kế hoạch Nhà nước 
260 |a Hà Nội 
260 |b Chính trị quốc gia 
260 |c 1995 
650 |a economic development projects,investments,vietnam - economic policy - 1986 - 
904 |i Nguyễn Quang Điền, 960807 
980 |a Trung tâm Học liệu Trường Đại học Cần Thơ